| 000 | 00738nam a22002777a 4500 | ||
|---|---|---|---|
| 003 | OSt | ||
| 005 | 20160129105245.0 | ||
| 008 | 130219t xxu||||| |||| 00| 0 eng d | ||
| 020 | _a9717090254 | ||
| 050 |
_aBC 108 _b.Sa23 2006 |
||
| 082 |
_aFIL 160 _bSa5 2006 |
||
| 100 | _aSantiago, Alma Salvador. | ||
| 245 |
_aLogic : _bThe art of reasoning _cAlma Salvador Santiago. |
||
| 260 |
_a[s.n] : _bRedman Printing Press, _c2006. |
||
| 300 |
_axv, 279 pages : _billustrations ; _c22 cm. |
||
| 500 | _aIncludes bibliographical references. | ||
| 526 | _c1210L-1700L | ||
| 562 | _e6 | ||
| 942 |
_2lcc _cBK _kFIL |
||
| 999 |
_c39033 _d39033 |
||